SAMAZIK SANSKRITIK NIRANTARTA AUR PARIVARTAN (Record no. 44402)
[ view plain ]
| 000 -LEADER | |
|---|---|
| fixed length control field | 00341nam a2200133Ia 4500 |
| 008 - FIXED-LENGTH DATA ELEMENTS--GENERAL INFORMATION | |
| fixed length control field | 240409s9999 xx 000 0 und d |
| 020 ## - INTERNATIONAL STANDARD BOOK NUMBER | |
| International Standard Book Number | 9.7881316063e+12 |
| 082 ## - DEWEY DECIMAL CLASSIFICATION NUMBER | |
| Item number | VYA - S |
| 100 ## - MAIN ENTRY--PERSONAL NAME | |
| Personal name | VYAS DINESH |
| 245 #0 - TITLE STATEMENT | |
| Title | SAMAZIK SANSKRITIK NIRANTARTA AUR PARIVARTAN |
| 260 ## - PUBLICATION, DISTRIBUTION, ETC. | |
| Place of publication, distribution, etc. | JAIPUR |
| Name of publisher, distributor, etc. | RAWAT PUBLICATION |
| Date of publication, distribution, etc. | 2014 |
| 300 ## - PHYSICAL DESCRIPTION | |
| Extent | 192 |
| 942 ## - ADDED ENTRY ELEMENTS (KOHA) | |
| Koha item type | Book |
| Withdrawn status | Lost status | Damaged status | Not for loan | Collection code | Permanent Location | Current Location | Date acquired | Cost, normal purchase price | Total Checkouts | Barcode | Date last seen | Date last checked out | Price effective from | Koha item type | Source of classification or shelving scheme | Full call number |
|---|---|---|---|---|---|---|---|---|---|---|---|---|---|---|---|---|
| School of Arts and Humanity | Central Library, MUIT, Lucknow | Central Library, MUIT, Lucknow | 2024-04-09 | 750.00 | 1 | SOA8676 | 2025-01-21 | 2025-01-04 | 2024-04-09 | Book | ||||||
| School of Arts and Humanity | Central Library, MUIT, Lucknow | Central Library, MUIT, Lucknow | 2024-04-09 | 750.00 | SOA8677 | 2024-04-09 | 2024-04-09 | Reference Book | 300 VYA - S | |||||||
| School of Arts and Humanity | Central Library, MUIT, Lucknow | Central Library, MUIT, Lucknow | 2024-04-09 | 750.00 | 1 | SOA8678 | 2025-01-24 | 2025-01-09 | 2024-04-09 | Book | ||||||
| School of Arts and Humanity | Central Library, MUIT, Lucknow | Central Library, MUIT, Lucknow | 2024-04-09 | 750.00 | 1 | SOA8679 | 2025-02-05 | 2025-01-22 | 2024-04-09 | Book | ||||||
| School of Arts and Humanity | Central Library, MUIT, Lucknow | Central Library, MUIT, Lucknow | 2024-04-09 | 750.00 | 1 | SOA8680 | 2025-02-05 | 2025-01-23 | 2024-04-09 | Book |